This book could save your life: (Record no. 5011)

000 -LEADER
fixed length control field 00567nam a2200193 a 4500
005 - DATE AND TIME OF LATEST TRANSACTION
control field 20241128143222.0
008 - FIXED-LENGTH DATA ELEMENTS--GENERAL INFORMATION
fixed length control field 241128t20202021uk ||||| |||| 00| 0 eng d
020 00 - INTERNATIONAL STANDARD BOOK NUMBER
International Standard Book Number 9781529311310
040 ## - CATALOGING SOURCE
Original cataloging agency AKMAL
082 ## - DEWEY DECIMAL CLASSIFICATION NUMBER
Classification number 158.1 LAW
090 00 - LOCALLY ASSIGNED LC-TYPE CALL NUMBER (OCLC); LOCAL CALL NUMBER (RLIN)
Classification number (OCLC) (R) ; Classification number, CALL (RLIN) (NR) 158.1
Local cutter number (OCLC) ; Book number/undivided call number, CALL (RLIN) LAW
245 10 - TITLE STATEMENT
Title This book could save your life:
Remainder of title the science of living longer better/
Statement of responsibility, etc. Graham Lawton
260 00 - PUBLICATION, DISTRIBUTION, ETC.
Place of publication, distribution, etc. London :
Name of publisher, distributor, etc. John Murray,
Date of publication, distribution, etc. 2021
300 ## - PHYSICAL DESCRIPTION
Extent 362p.:
Dimensions 20cm
500 00 - GENERAL NOTE
General note Includes index
650 00 - SUBJECT ADDED ENTRY--TOPICAL TERM
Topical term or geographic name entry element Life change events
9 (RLIN) 4333
650 00 - SUBJECT ADDED ENTRY--TOPICAL TERM
Topical term or geographic name entry element self-actualization (Psychology)
9 (RLIN) 1127
942 ## - ADDED ENTRY ELEMENTS (KOHA)
Source of classification or shelving scheme
Koha item type Book
Holdings
Withdrawn status Lost status Source of classification or shelving scheme Damaged status Not for loan Collection code Home library Current library Shelving location Date acquired Inventory number Total Checkouts Full call number Barcode Date last seen Price effective from Koha item type
          NON-FICTION AKMAL Melaka AKMAL Melaka PINJAMAN 28.11.2024 011568   158.1 LAW 201708269 28.11.2024 28.11.2024 Book
Pusat Sumber Maklumat Dato' Haji Sarmin Md Hussin, Akademi Kastam Diraja Malaysia, Melaka
Tel: 06-2331106 | Faks: 06-2313787